000 01858nam a2200373 c 4500
003 BLK
005 20240604005403.0
008 180410b bul|||||r ||||||| ||bul||
010 _aKNG00170168000
040 _aBLK
041 _aBUL
_cBUL
080 _aБългарска литература
_b821.163.2
_x(081)
_z821.163.2(081)
080 _aБългарска литература
_b821.163.2
_x-32
_z821.163.2-32
100 _aЕлин Пелин
_qСтоянов, Димитър Иванов
_9363511
700 1 _aБоров, Тодор
_qТодоров, Тодор Цветанов
_9367585
700 1 _aКараславов, Георги Славов
_eпредг. от
_9366141
700 1 _aБоров, Тодор
_qТодоров, Тодор Цветанов
_9367585
700 1 _aСтоянов, Димитър Иванов
_e*
_9365019
139 _aЕлин Пелин
_bЕ 53
245 1 0 _aСъбрани съчинения
_bВ 10 т. : Т. 1 - За том: 1910 - 1918
_cЕлин Пелин; под ред. на Тодор Боров; предг. от Георги Славов Караславов; ред. на текста и бел. на том Тодор Боров; * Димитър Иванов Стоянов.
_nТ. 3
_pРазкази
257 _aBGR
260 София
_bБълг. писател
_c1958 -
300 _c18 см
380 _aX
500 _aЕлин Пелин - псевд. на Димитър Иванов Стоянов.
505 _g1909 - 1934
_r
_tПод манастирската лоза
760 1 _aЕлин Пелин
_d1958
_h300 с., 1 л. портр., 3 л. факс.
_tТ. 3 Разкази
852 _aЦб І 2346
856 4 _qpdf
_u
856 4 _qpdf
_u
942 _cKNG
_n0
944 _aCR
_c26.01.2015
_k
_lCRON CRON
944 _aED
_c27.01.2015
_kМилена_Ачева
999 _c162787
_d162787